Kríza a riadenie vnútri podniku

Návrh postupu riadenia nákladov v podniku v období recesie.

Salvato in:
Dettagli Bibliografici
Autore principale: Moravčíková, Elena, 1967-
Natura: Capitolo di libro
Lingua:slovacco
Soggetti:
Tags: Aggiungi Tag
Nessun Tag, puoi essere il primo ad aggiungerne!!

MARC

LEADER 00000nla a2200000 4500
001 0213454
005 20240502073546.7
041 0 |a slo 
044 |a SK 
245 1 0 |a Kríza a riadenie vnútri podniku  |c Elena Moravčíková 
520 |a Návrh postupu riadenia nákladov v podniku v období recesie. 
610 2 0 |a recesia 
610 2 0 |a podnik 
610 2 0 |a náklady 
610 2 0 |a riadenie strategické 
610 2 0 |a plánovanie strategické 
610 2 0 |a plánovanie podnikové 
610 2 0 |a plánovanie operatívne 
610 2 0 |a metóda BSC 
100 1 |a Moravčíková, Elena, 1967-